| 000 | 00385nam a2200133Ia 4500 | ||
|---|---|---|---|
| 008 | 211122s9999||||xx |||||||||||||| ||und|| | ||
| 082 |
_a910 _bPRA-H |
||
| 100 | _aPrasannakumar, K B | ||
| 245 | 0 | _aHimavazhiyile Budhasancharangal | |
| 260 |
_bMathrubhumi Books _aKozhikode |
||
| 630 | _xGeneral Stack | ||
| 650 |
_aHISTORY AND GEOGRAPHY _vGEOGRAPHY AND TRAVELMalayalam |
||
| 942 | _cBOOK | ||
| 999 |
_c125290 _d125290 |
||